000
00305nam a22001217a 4500
008
180421b xxu||||| |||| 00| 0 eng d
041
_a
eng
080
_a
043.3
100
_a
0
101
_a
SHKI-MA
245
_a
Kercenimet e Sigurise se SIP dhe Mbrojtja nga keto kercenime
_c
Cakaj, A.G
942
_2
udc
_c
BK
999
_c
45382
_d
45382